000
00332 a2200157 4500
001
45096
020
_a
040
_c
Anchieta - Aquarius
100
_a
Díaz, Gloria Cecilia
240
1
0
_a
A bruxa da montanha
_l
por
245
1
0
_a
A bruxa da montanha
300
_a
362
0
_a
0
650
4
_a
Literatura juvenil
942
_c
BK
999
_c
45096
_d
45096